All Jason Aldean Songs - Statistics

General Stats
  • This quiz has been taken 65 times
  • The average score is 38 of 131
Answer Stats
Album Song % Correct
My Kinda Party Dirt Road Anthem
78%
My Kinda Party My Kinda Party
78%
Night Train Night Train
78%
Rearview Town Rearview Town
70%
Wide Open The Truth
65%
Jason Aldean Hicktown
62%
Wide Open Big Green Tractor
59%
My Kinda Party Fly Over States
59%
Wide Open She's Country
59%
Wide Open Wide Open
59%
They Don't Know They Don't Know
57%
Night Train 1994
54%
Jason Aldean Amarillo Sky
54%
They Don't Know Any Ol' Barstool
54%
Old Boots, New Dirt Burnin' It Down
54%
Wide Open Crazy Town
54%
Relentless Relentless
51%
Relentless Johnny Cash
49%
My Kinda Party Tattoos on This Town
49%
My Kinda Party Don't You Wanna Stay
46%
Old Boots, New Dirt Old Boots, New Dirt
46%
9 We Back
43%
Jason Aldean Why
43%
They Don't Know Lights Come On
41%
Old Boots, New Dirt Tonight Looks Good on You
41%
Night Train When She Says Baby
41%
Rearview Town You Make It Easy
41%
Old Boots, New Dirt Gonna Know We Were Here
38%
9 Got What I Got
38%
Night Train Take a Little Ride
38%
Night Train The Only Way I Know
38%
They Don't Know A Little More Summertime
35%
My Kinda Party Church Pew or Bar Stool
35%
Rearview Town Blacktop Gone
30%
Rearview Town Drowns the Whiskey
30%
Wide Open Fast
30%
Old Boots, New Dirt Just Gettin' Started
30%
Relentless Laughed Until We Cried
30%
Relentless No
30%
Rearview Town Ride All Night
30%
Wide Open This I Gotta See
30%
Night Train This Nothin' Town
30%
Night Train Water Tower
30%
Jason Aldean Asphalt Cowboy
27%
Night Train Black Tears
27%
9 Blame It on You
27%
My Kinda Party Country Boy's World
27%
My Kinda Party Days Like These
27%
Rearview Town Girl Like You
27%
Wide Open On My Highway
27%
My Kinda Party Texas Was You
27%
Night Train Wheels Rollin'
27%
9 Camouflage Hat
24%
They Don't Know Comin' in Hot
24%
9 Dirt We Were Raised On
24%
Jason Aldean Good to Go
24%
Night Train I Don't Do Lonely Well
24%
Old Boots, New Dirt If My Truck Could Talk
24%
Wide Open Keep the Girl
24%
Old Boots, New Dirt Laid Back
24%
Wide Open Love Was Easy
24%
Jason Aldean She Loved Me
24%
Old Boots, New Dirt Show You Off
24%
Night Train Talk
24%
9 Tattoos and Tequila
24%
My Kinda Party The Heartache That Don't Stop Hurting
24%
They Don't Know This Plane Don't Go There
24%
Old Boots, New Dirt Two Night Town
24%
They Don't Know When the Lights Go Out
24%
Relentless Back in this Cigarette
22%
They Don't Know Bad
22%
Rearview Town Better at Being Who I Am
22%
Rearview Town Dirt to Dust
22%
Relentless Do You Wish It Was Me
22%
Jason Aldean Even If I Wanted To
22%
They Don't Know First Time Again
22%
Relentless Grown Woman
22%
Rearview Town High Noon Neon
22%
Jason Aldean I Believe in Ghosts
22%
Relentless I Break Everything I Touch
22%
My Kinda Party If She Could See Me Now
22%
Jason Aldean I'm Just a Man
22%
My Kinda Party Just Passing Through
22%
9 Keeping It Small Town
22%
Rearview Town Like You Were Mine
22%
Old Boots, New Dirt Miss That Girl
22%
Relentless Not Every Man Lives
22%
They Don't Know Reason to Love L.A.
22%
My Kinda Party See You When I See You
22%
Rearview Town Set It Off
22%
Old Boots, New Dirt Sweet Little Somethin'
22%
Rearview Town Up in Smoke
22%
They Don't Know All Out of Beer
19%
9 Came Here to Drink
19%
9 Champagne Town
19%
Old Boots, New Dirt Don't Change Gone
19%
Old Boots, New Dirt Fast Lanes
19%
Night Train Feel That Again
19%
Rearview Town Gettin' Warmed Up
19%
My Kinda Party I Ain't Ready to Quit
19%
9 I Don't Drink Anymore
19%
They Don't Know In Case You Don't Remember
19%
Relentless I Use What I Got
19%
Jason Aldean Lonesome USA
19%
Rearview Town Love Me or Don't
19%
Relentless My Memory Ain't What It Used to Be
19%
They Don't Know One We Won't Forget
19%
9 She Likes It
19%
Night Train Staring at the Sun
19%
9 Talk About Georgia
19%
They Don't Know The Way a Night Should Feel
19%
Old Boots, New Dirt Too Fast
19%
Old Boots, New Dirt Tryin' to Love Me
19%
Night Train Walking Away
19%
They Don't Know Whiskey'd Up
19%
Relentless Who's Kissing You Tonight
19%
Jason Aldean You're the Love I Wanna Be In
19%
Wide Open Don't Give Up on Me
16%
Night Train Drink One for Me
16%
My Kinda Party It Ain't Easy
16%
Old Boots, New Dirt I Took It with Me
16%
9 Some Things You Don't Forget
16%
Wide Open The Best of Me
16%
9 The Same Way
16%
9 Cowboy Killer
14%
9 One for the Road
14%
Old Boots, New Dirt Ain't No Easy Way
11%
Suffer in Peace Damn Good Friends
11%
Old Boots, New Dirt Too Much You for Me
11%
Single I Won't Back Down
3%
Rearview Town I'll Wait on You
0%
No matching quizzes found
Score Distribution
Percent of People with Each Score
Percentile by Number Answered
Your Score History
You have not taken this quiz